000 01185nam a2200253 a 4500
001 55338
003 BD-RjUL
005 20211209080241.0
008 161116s1974 bg ||||| |||| 00| 0 ben d
020 _c: Tk. 5.00
035 _a(BD-RjUL)55460
040 _aBD-RjUL
_bben
_cBD-RjUL
_dBD-RjUL
041 _aben
082 _223
_a510.92
_bHAB 1974
245 0 0 _aহবিবর রহমান স্মারকগ্রন্থ /
_cশিশিরকুমার ভট্টাচার্য সম্পাদিত
260 _aরাজশাহী :
_bরাজশাহী বিশ্ববিদ্যালয় গণিত সমিতি,
_c১৯৭৪.
300 _a১৮২ পৃ. :
_bচিত্র ;
_c২৩ সেমি.
600 _aরহমান, মুহাম্মদ হবিবর
_d১৯২৩-১৯৭১
_xজীবনী
_9238299
600 _aRahman, Muhammad Habibur
_d1923-1971
_xBiography
_9238300
650 _aগণিতবিদ
_vজীবনী
_9164859
650 _aMathematicians
_vBiography
_9164860
700 _aভট্টাচার্য, শিশিরকুমার, সম্পাদক
_9238301
942 _2ddc
_cBK
999 _c55338
_d55338